O aktivitách profesora Philipa Kotlera
Americký ekonóm Philip Kotler, jeho život, odborná činnosť v súčasnosti.
Guardado en:
| Autor principal: | |
|---|---|
| Formato: | Capítulo de libro |
| Lenguaje: | checo |
| Materias: | |
| Etiquetas: |
Sin Etiquetas, Sea el primero en etiquetar este registro!
|
MARC
| LEADER | 00000naa a2200000 4500 | ||
|---|---|---|---|
| 001 | 0161189 | ||
| 005 | 20231115065646.0 | ||
| 041 | 0 | |a cze | |
| 044 | |a CZ | ||
| 245 | 1 | 0 | |a O aktivitách profesora Philipa Kotlera |c Gustav Tomek |
| 520 | |a Americký ekonóm Philip Kotler, jeho život, odborná činnosť v súčasnosti. | ||
| 610 | 2 | 0 | |a marketing |
| 610 | 2 | 0 | |a ekonómovia |
| 100 | 1 | |a Tomek, Gustav | |